Eastern Christianity and Late Antique Philosophy /
Readers of Eastern Christianity and Late Antique Philosophy will find a collection of authoritative papers from across the Neoplatonic and Eastern Christian traditions. It is only recently that scholars have started to take notice of the Eastern Christian engagement with late antique philosophical t...
مؤلفون آخرون: ,
التنسيق: كتاب الكتروني
اللغة: English
منشور في:
Leiden; Boston :
BRILL,
2020.
سلاسل:
Texts and Studies in Eastern Christianity ;
18.
Biblical Studies, Ancient Near East and Early Christianity E-Books Online, Collection 2020, ISBN: 9789004407367.
الموضوعات:
الوصول للمادة أونلاين: Login to view Source
الوسوم: إضافة وسم
رقم الطلب: B645
| LEADER | 02533nam a22004451i 4500 | ||
|---|---|---|---|
| 001 | BRILL9789004429567 | ||
| 003 | nllekb | ||
| 005 | 20210602095220.0 | ||
| 006 | m d | ||
| 007 | cr un uuuua | ||
| 008 | 200407s2020 ne sb 001 0 eng d | ||
| 020 | |a 9789004429567 |q (electronic book) | ||
| 020 | |a 9789004411883 |q (print) | ||
| 024 | 7 | |a 10.1163/9789004429567 |2 DOI | |
| 035 | |z (OCoLC)1139948337 | ||
| 040 | |a NL-LeKB |c NL-LeKB |e rda | ||
| 050 | 4 | |a B645 | |
| 072 | 7 | |a HRC |2 bicssc | |
| 072 | 7 | |a REL |x 070000 |2 bisacsh | |
| 082 | 0 | 4 | |a 230/.19 |2 23 |
| 245 | 0 | 0 | |a Eastern Christianity and Late Antique Philosophy / |c Eva Anagnostou-Laoutides, Ken Parry. |
| 264 | 1 | |a Leiden; |a Boston : |b BRILL, |c 2020. | |
| 300 | |a 1 online resource. | ||
| 336 | |a text |b txt |2 rdacontent | ||
| 337 | |a computer |b c |2 rdamedia | ||
| 338 | |a online resource |2 rdacarrier | ||
| 490 | 1 | |a Texts and Studies in Eastern Christianity ; |v 18 | |
| 490 | 1 | |a Biblical Studies, Ancient Near East and Early Christianity E-Books Online, Collection 2020, ISBN: 9789004407367 | |
| 520 | |a Readers of Eastern Christianity and Late Antique Philosophy will find a collection of authoritative papers from across the Neoplatonic and Eastern Christian traditions. It is only recently that scholars have started to take notice of the Eastern Christian engagement with late antique philosophical texts. This volume builds upon this new interest in order to show the dynamic nature of Neoplatonism and Eastern Christianity at a time when both faced a variety of challenges. The legacy of Greek philosophy in the Christian East fills the gap between the schools of Alexandria and Baghdad and brings into focus the intellectual history of the period. The aim of the volume is to stimulate interest in late antique philosophy and its reception in the Christian East. | ||
| 588 | |a Description based on print version record. | ||
| 650 | 0 | |a Neoplatonism. | |
| 700 | 1 | |a Anagnostou-Laoutides, Eva, |e editor. | |
| 700 | 1 | |a Parry, Ken, |e editor. | |
| 776 | 0 | 8 | |i Print version: |t Eastern Christianity and Late Antique Philosophy, |d Leiden Boston : BRILL, 2020 |z 9789004411883 |
| 830 | 0 | |a Texts and Studies in Eastern Christianity ; |v 18. | |
| 830 | 0 | |a Biblical Studies, Ancient Near East and Early Christianity E-Books Online, Collection 2020, ISBN: 9789004407367. | |
| 856 | 4 | |z DOI: |u http://dx.doi.org/10.1163/9789004429567 | |
| 942 | |c EBOOK | ||
| 952 | |0 0 |1 0 |4 0 |7 1 |9 13176 |a BRILL |b BRILL |d 2021-06-02 |l 0 |r 2021-06-02 00:00:00 |w 2021-06-02 |y EBOOK | ||
| 999 | |c 34629 |d 34629 | ||
